Devine le rappeur 13 - Statistiques

Statistiques générales
  • Ce quiz a été pris 127 fois
  • Le résultat moyen est 7 sur 21
Statistiques - réponses
Hint Réponse % Correct
Ma jolie Jul
90%
La vie qu’on mène Ninho
88%
La misère est si belle PNL
80%
Les étoiles vagabondes Nekfeu
66%
Shavkat Freeze corleone
54%
San Orelsan
49%
Mamie PLK
35%
Cette année-là SDM
30%
Megatron Laylow
29%
Tiki taka Vacra
26%
On dégaine Guy2bezbar
20%
Mon âme Josman
20%
Affamé #10 - Athéna Zamdane
18%
Les vieux de mon âge Hugo tsr
16%
Nobu Hamza
14%
Deïdo Dinos
12%
Démineur Lefa
12%
Taxi angele
9%
Des nuages à la terre Edge
8%
dans ma tête Wallace cleaver
7%
A.M.O.U.R Squidji
4%
Aucun quiz correspondant
Distribution des résultats
% des personnes avec chaque résultat
Percentile par nombre de réponses
Votre historique - résultats
Vous n’avez pas pris ce quiz